000 00554nam a2200193Ia 4500
008 151121s9999||||xx |||||||||||||| ||und||
082 _a833/प्रेमचं
082 _bHNW-54299
100 _aप्रेमचंद
245 _aरंगभूमि
260 _b"सरस्वती विहार , दिल्ली"
260 _c--
300 _a301
600 _aप्रेमचंद
630 _aरंगभूमि
700 _aप्रेमचंद
730 _aरंगभूमि
942 _cBOOK
999 _c1237620
_d1237617